| 000 | 03812nam0a2200445 4500 | ||
|---|---|---|---|
| 001 | RU\NLR\BIBL_A\022735884 | ||
| 005 | 20260318161614.0 | ||
| 010 |
_a978-5-91961-581-1 _9300 |
||
| 021 |
_aRU _bКН-П-26-000706 _9КН-П-26-0066 |
||
| 035 | _a(NLR Aleph) 022735884 | ||
| 090 |
_a13639682 _c13639682 |
||
| 100 | _a20260225d2025 u y0rusy50 ca | ||
| 101 | 0 | _arus | |
| 102 | _aRU | ||
| 105 | _aacb j 010yy | ||
| 181 | 0 |
_ai3 _baxxe |
|
| 182 | 0 | _an | |
| 200 | 1 |
_aПрактические основы организации испытаний промышленной продукции для ТЭК РФ _dPractical grounfs of organizing industrial products testing for the Fuel and energy complex of the Russian Federation _eучебное пособие _eдля студентов бакалавриата, обучающихся по направлению 27.03.01 "Стандартизация и метрология", и магистратуры по направлениям 27.04.01 "Стандартизация и метрология", 21.04.01 "Нефтегазовое дело", 15.04.02 "Технологические машины и оборудование" _fН. Н. Андреева, О. Ю. Елагина, М. П. Поликарпов [и др.] _zeng |
|
| 203 |
_aТекст _bвизуальный _cнепосредственный |
||
| 210 |
_aМосква _cРГУ нефти и газа (НИУ) им. И. М. Губкина _d2025 |
||
| 215 |
_a367 с. _cил., табл., цв. ил., портр., карты _d25 |
||
| 225 | 1 | _aПриоритет 2030 | |
| 300 | _aАвт. также на англ. яз.: N. N. Andreeva, O. Yu. Elagina, M. P. Polikarpov [et al] | ||
| 300 | _aНа с. 366-367 авт.: Н. Н. Андреева, д-р техн. наук, проф., О. Ю. Елагина, д-р техн. наук, проф., М. П. Поликарпов, канд. техн. наук, доц. [и др.] | ||
| 300 | _aНа авантит.: Посвящается 95-летию РГУ нефти и газа (НИУ) имени И. М. Губкина | ||
| 320 | _aБиблиогр.: с. 363-365 (65 назв.) и в подстроч. примеч. | ||
| 510 | 1 |
_6z22790 _aPractical grounfs of organizing industrial products testing for the Fuel and energy complex of the Russian Federation _zeng |
|
| 606 | 1 |
_aНефтегазовая промышленность _jУчебные издания для высших учебных заведений _xГосударственное регулирование _yРоссийская Федерация _92524723 _3RU\NLR\AUTH\6601710087 |
|
| 606 | 1 |
_aПромышленная продукция _jУчебные издания для высших учебных заведений _xИспытание _xГосударственный контроль _92701329 _3RU\NLR\AUTH\6601767805 |
|
| 606 | 1 |
_aТехнический контроль _jУчебные издания для высших учебных заведений _9907300 _3RU\NLR\AUTH\6611013 |
|
| 686 | 1 | _aХ621.175я73 | |
| 686 | 1 | _aЖ607я73-1 | |
| 701 | 1 |
_7ca _8rus _aАндреева _bН. Н. _cд-р техн. наук, нефтегаз. месторождения _f1950- _gНаталья Николаевна _942284 _3RU\NLR\AUTH\7759352 |
|
| 701 | 1 |
_aЕлагина _bО. Ю. _cд-р техн. наук _gОксана Юрьевна _9155280 _3RU\NLR\AUTH\770155319 |
|
| 701 | 1 |
_aПоликарпов _bМ. П. _gМаксим Петрович |
|
| 790 | 1 |
_6z22510 _7ba _8rus _aAndreeva _bN. N. _cд-р техн. наук, , нефтегаз. месторождения _f1950- _gNatal'ja Nikolaevna _92700785 _3RU\NLR\AUTH\770291039 |
|
| 942 | _cBOOK | ||
| 980 | _aNB | ||